Tous les participants de JustNoob - Statistiques

Statistiques générales
  • Ce quiz a été pris 13 fois
    6 depuis la dernière actualisation
  • Le résultat moyen est 81 sur 141
Statistiques - réponses
1ère Saison Joueur % Correct
Saison 10 BerenGaldos
100%
Saison 5 Bomby
100%
Saison 2 Cacaman
100%
Saison 6 ComteL
100%
Saison 4 EvoRay
100%
Saison 1 GoldVison98
100%
Saison 1 JC
100%
Saison 9 Judipie
100%
Saison 4 Kenjai
100%
Saison 6 Nanouchette
100%
Saison 3 Oraclette
100%
Saison 1 Poppiz
100%
Saison 4 Ragiel
100%
Saison 1 Redemoles
100%
Saison 9 Sagnosis
100%
Saison 10 Viken78
100%
Saison 5 Akariaa
83%
Saison 5 Aleksouth
83%
Saison 9 Axaltau
83%
Saison 1 Banane
83%
Saison 10 cozotidg
83%
Saison 10 Dark_Ail
83%
Saison 9 EdenMan
83%
Saison 4 Elzariia
83%
Saison 10 Ender
83%
Saison 10 Fhara
83%
Saison 2 Keke
83%
Saison 5 Lombosa
83%
Saison 10 luigimario12
83%
Saison 3 MathoX
83%
Saison 1 Miilky
83%
Saison 10 MikoMan
83%
Saison 5 Mimitap
83%
Saison 3 Mr2Exil5D
83%
Saison 1 Mrfox4
83%
Saison 4 Nivekmntls
83%
Saison 7 Noereau
83%
Saison 7 Osifou
83%
Saison 4 Paulo
83%
Saison 3 Pigre
83%
Saison 5 Pocky
83%
Saison 10 Remelta
83%
Saison 5 scartvol
83%
Saison 4 Shadoune666
83%
Saison 4 ShoupZ
83%
Saison 9 Stoupy51
83%
Saison 4 TheAlphaX
83%
Saison 10 TheHernest
83%
Saison 10 Titou
83%
Saison 5 Tnt79
83%
Saison 5 Totay
83%
Saison 10 Akwaden
67%
Saison 2 Calaa
67%
Saison 7 Canfav
67%
Saison 10 Enzebi
67%
Saison 4 Erwan
67%
Saison 2 Galienor
67%
Saison 2 Hiruko_Senpai
67%
Saison 7 iGuyot
67%
Saison 7 Kokodricau
67%
Saison 10 Kuery
67%
Saison 10 Lenya
67%
Saison 4 Marcouscous
67%
Saison 3 Maxator34
67%
Saison 9 Maxow
67%
Saison 4 Megamat
67%
Saison 3 Minato
67%
Saison 8 myAtom
67%
Saison 4 Nekuma
67%
Saison 9 Nintasma
67%
Saison 10 polocascroute
67%
Saison 8 Pomkazz
67%
Saison 6 Pouka
67%
Saison 4 Rhafa
67%
Saison 7 Rizio
67%
Saison 7 RoXxeeer
67%
Saison 6 Shazin
67%
Saison 3 Sili
67%
Saison 5 Wolf381
67%
Saison 10 Yoddle
67%
Saison 1 Yuri
67%
Saison 9 0ri0n03
50%
Saison 10 Falmo
50%
Saison 1 Fluuffy
50%
Saison 7 FunkyFlame
50%
Saison 5 Gagab03
50%
Saison 9 Kataros
50%
Saison 10 math730
50%
Saison 1 Nonos
50%
Saison 9 Pikore
50%
Saison 2 Thimmy
50%
Saison 3 Walda666
50%
Saison 8 Antho
33%
Saison 5 AstralJX
33%
Saison 3 Chani
33%
Saison 3 Chapix
33%
Saison 4 Dari76
33%
Saison 3 FroggyBalboa
33%
Saison 1 Ithax
33%
Saison 3 JayL
33%
Saison 1 KarmaSouris
33%
Saison 5 Korso
33%
Saison 4 Luzord
33%
Saison 2 Malthus
33%
Saison 1 Nekor
33%
Saison 4 Norayaa
33%
Saison 3 Phylalix
33%
Saison 9 PikIronMan
33%
Saison 4 Siflosis
33%
Saison 8 SilverFox
33%
Saison 5 TwiiiX
33%
Saison 2 Xentrix
33%
Saison 8 zCurl
33%
Saison 4 AloneZeRat
17%
Saison 5 Biche
17%
Saison 7 BubbleQG
17%
Saison 5 DesaDream
17%
Saison 3 Evoliio
17%
Saison 2 Idris
17%
Saison 7 Kyruto
17%
Saison 2 Marek
17%
Saison 9 MatthieuClam
17%
Saison 1 Nanows
17%
Saison 3 Omeega
17%
Saison 4 Osheip
17%
Saison 5 Palishka
17%
Saison 1 Pegasus
17%
Saison 7 Rodakk1
17%
Saison 2 Sirozz
17%
Saison 5 Stormerz
17%
Saison 3 Telets
17%
Saison 1 Yiazmat
17%
Saison 9 Arcanial
0%
Saison 5 Frenchich
0%
Saison 9 Grenzo
0%
Saison 4 Kanawi
0%
Saison 4 Mistgeun
0%
Saison 4 Misti
0%
Saison 3 NieVal
0%
Saison 5 Sparya
0%
Saison 8 TomSawyerWolf
0%
Aucun quiz correspondant
Distribution des résultats
% des personnes avec chaque résultat
Percentile par nombre de réponses
Votre historique - résultats
Vous n’avez pas pris ce quiz depuis la dernière actualisation